000 00890nam a2200217Ia 4500
001 3197
003 GE_BSU
008 181216s||||||||xx |||||||||||||| ||und||
020 _a5770900865
040 _cGE_BSU
080 _a657
245 _aСостав учет затрат, Включаемых себестоимость: отраслевые особенности, налогообложение. Нормативные документы. комментарий.
245 _cСоставитель Е. А. Шнайдерман.
260 _aМосква
260 _bМеждународный центр финансово- экономичесского развития
260 _c1998
300 _a208ст. 20 см.
541 _h4 Л.40 Т.
653 _aСостав учет затрат Включаемых себестоимость
942 _cBK
999 _c37238
_d37238